02093nam a2200445 i 450000100060000000300080000600500170001400600190003100700150005000800410006502000180010602000270012403500220015104000310017304300120020405000230021608200160023924501130025526400710036830000420043933600310048133700330051233800430054549000680058850400510065658800680070759001620077565000440093765000490098165000350103065000290106565000430109465500270113770000410116477602670120579700170147283000640148985600770155399900170163024609FlNmELB20241216215744.0m o d | cr cnu||||||||190506s2013 sp ob 001 0 spa d z9788484897613 a9783954872084 (e-book) a(OCoLC)1105453548 aFINmELBbspaerdacFINmELB ae-sp--- 4aPQ6144b.F533 20130 a863.60922300aFicción y no ficción en los discursos creativos de la cultura española /cNorberto Mínguez (editor). 1aMadrid ;aFrankfurt am Main :bIberoamericana :bVervuert,c[2013] a1 recurso en línea (306 páginas). atextobtxt2rdacontent/spa acomputadorabc2rdamedia/spa arecurso en líneabcr2rdacarrier/spa1 aLa casa de la riqueza. Estudios de la cultura de España ;v26 aIncludes bibliographical references and index. aDescripción basada en el editor de metadatos y otras fuentes. aRecurso electrónico. Santa Fe, Arg.: elibro, 2018. Disponible vía World Wide Web. El acceso puede estar limitado para las bibliotecas afiliadas a elibro. 0aSpanish fictionxHistory and criticism. 0aFictionxHistory and criticismxTheory, etc. 0aLiterature and historyzSpain. 0aNonfiction filmszSpain. 0aNonfiction television programszSpain. 4aLibros electrónicos.1 aMínguez-Arranz, Norberto,eeditor.08iPrint version:tFicción y no ficción en los discursos creativos de la cultura española.dMadrid ; Franfurt am Main : Iberoamericana ; Vervuert, c2013h306 páginaskCasa de la riqueza. Estudios de cultura de España ; 26.z9788484897613w(DLC) 20134599952 aelibro, Corp 0aCasa de la riqueza.pEstudios de cultura de España ;v26.40uhttps://elibro.net/ereader/politecnicointernacional/37023zClick to View c24609d24609